Az észak-afrikai hadjárat az erőviszonyok tükrében, 1940-1943 [absztrakt] /

Elmentve itt :
Bibliográfiai részletek
Szerző: Janssens Adrián Joshua
Testületi szerző: Szegedi Történészhallgatók Egyesületének konferenciája (6.)
Dokumentumtípus: Könyv része
Megjelent: Belvedere Meridionale Szeged 2024
Sorozat:Szegedi Történészhallgatók Egyesületének Konferenciái 6
Kulcsszavak:Hadtörténet - észak-afrikai - 1940-1943 - előadáskivonat, Hadtörténet - világháború - 2. - előadáskivonat
Tárgyszavak:
Online Access:http://acta.bibl.u-szeged.hu/86128
LEADER 01037naa a2200217 i 4500
001 acta86128
005 20250109095018.0
008 250109s2024 hu o 100 hun d
020 |a 978-615-6060-84-6 
040 |a SZTE Egyetemi Kiadványok Repozitórium  |b hun 
041 |a hun 
100 1 |a Janssens Adrián Joshua 
245 1 3 |a Az észak-afrikai hadjárat az erőviszonyok tükrében, 1940-1943   |h [elektronikus dokumentum] :  |b [absztrakt] /  |c  Janssens Adrián Joshua 
260 |a Belvedere Meridionale  |b Szeged  |c 2024 
300 |a 24 
490 0 |a Szegedi Történészhallgatók Egyesületének Konferenciái  |v 6 
650 4 |a Bölcsészettudományok 
650 4 |a Történettudomány és régészet 
695 |a Hadtörténet - észak-afrikai - 1940-1943 - előadáskivonat, Hadtörténet - világháború - 2. - előadáskivonat 
711 |a Szegedi Történészhallgatók Egyesületének konferenciája (6.)  |c Szeged  |d 2024. április 18-19. 
856 4 0 |u http://acta.bibl.u-szeged.hu/86128/1/SZETE_absztraktkotet_006_024.pdf  |z Dokumentum-elérés